000 00944nam a22003137a 4500
001 0023103
003 KOHA_MİRAKIL
005 20260207002404.0
007 ta
008 120912b1999 tu |||gr||||#0|||1|tur |
020 _a9755910654
040 _aTR-BiSEU
_btur
_cTR-BiSEU
_erda
041 0 _atur
044 _ctu
050 _aPE1128
_b.O74 1985
100 1 _aÖren, Kenan.
245 1 _aKullanışlı ingilizce dilbilgisi: KPDS/TOEFL/
_cKenan Ören ; Kenan Ören.
264 1 _aAnkara :
_b
_c1999
300 _a310 sayfa; 21 cm.
336 _ametin
_btxt
_2rdacontent
337 _aaracısız
_bn
_2rdamedia
338 _acilt
_bnc
_2rdacarrier
650 0 _aİngiliz dili--Ders kitapları, yabancılar için.
_947940
650 0 _aİngiliz dili--Dilbilgisi.
_93397
650 0 _aEnglish language--Textbooks for foreign speakers.
_95137
650 0 _aEnglish language--Grammar.
_93478
907 _aDil
942 _2lcc
_cBK
999 _c23058
_d23058